000 00412nam a2200133Ia 4500
005 20260328104331.0
008 260328s9999||||xx |||||||||||||| ||und||
100 _aJohnson, Suzanne P.
245 2 _aA History of Fort Amador and Fort Grant, the former Panamá Canal zone RePublic of Panamá /
_cSuzanne P. Johnson
260 _bCultura Resources Specialist
300 _a55 p.
650 _aPANAMÁ
942 _cBK
999 _c11704
_d11704